00975nas a2200229Ia 4500001001100000003000900011008004100020040001300061040001300074041001300087100004500100210001000145222001000155245008700165250001100252260004100263501008600304300001700390362003500407500026400442650003900706R455/G6454IT-RoPAU151124c99999999xx |||||||||||| ||und|| aIT-RoPAU cIT-RoPAU aITALIANO aDamilano MarcogCodice Aut. SPICS: 54595 aJESUS aJesus aJESUS, ANNO 23-N.02 (FEBBRAIO 2001)bAnno Domini 2000: un Martello Spacca L'Europa a1a ed. aALBA (CN)bPERIODICI SAN PAOLOc2001 bPaulus - SPICS - Società San Paolo EM (non-commercial uses only)cCopyright2015 a6 p. [72-77] aANNO 023, N.02 (FEBBRAIO 2001) aViaggio Alle Radici della Modernità. Le 95 Tesi di Lutero del 31 Ottobre 1517 Segnano L'Avvio di una Frattura nella Cristianità Occidentale che Dura Ancora Oggi. da Qui un Secolo di Inquisizioni Brutali, Guerre di Religione. ma Sulle Ceneri di Questo Ince aPASTORALEvPUBBLICAZIONE PERIODICA